Statistics for NFL ALL TIME RECEIVING LEADERS BY LETTER

Click here to take the quiz!

General Stats

  • This quiz has been taken 30 times
  • The average score is 8 of 16

Answer Stats

HintAnswer% Correct
22,895 - RJerry Rice
91%
15,292 - MRandy Moss
87%
14,185 - JAndre Johnson
74%
17,492 - FLarry Fitzgerald
65%
14,580 - HMarvin Harrison
61%
15,934 - OTerrell Owens
61%
15,127 - GTony Gonzalez
52%
13,899 - CCris Carter
48%
14,731 - SSteve Smith Sr.
48%
9,763 - TDemaryius Thomas
43%
15,208 - BIsaac Bruce
43%
11,904 - IMichael Irvin
43%
14,345 - WReggie Wayne
35%
10,344 - KTravis Kelce
30%
10,137 - DDonald Driver
22%
14,004 - LJames Lofton
9%

Score Distribution

Percentile by Number Answered

Percent of People with Each Score

Your Score History

You have not taken this quiz